000 00823cam a22002054a 4500
005 20250605164204.0
008 250528s ||||||||||||||||||||||||d
035 _a19880
020 _a582559839
040 _aGR-AtMCL
_bgre
_dGR-AtMCL
_eAACR2
245 1 _aThink First Certificate
250 _a1st
260 _bLongman,
_c1989
300 _a186
520 _aA fully integrated course for students preparing for the Cambridge First Certificate in English Examination. English around the World, Time Out, Survival, Storytelling, A Sense of Adventure, Changes, The Natural World, Judging by Appearances, Teenage Cults, Us and Animals, Your Cultural Heritage, Crime and Society, Beyond Belief, Destination USA, Our Common Future.
700 1 _aNaunton Jon
_96030
942 _cBK
999 _c5123
_d5123